| 000 | 00395nam a2200133Ia 4500 | ||
|---|---|---|---|
| 008 | 220217s9999||||xx |||||||||||||| ||und|| | ||
| 020 | _a81-7853-099-6 | ||
| 082 | _a004.62 CAB | ||
| 100 |
_aCabrera, Luis Felipe, Kurt, Chris _95367 |
||
| 245 | 0 | _aWeb services architecture and its specifications | |
| 260 |
_aWP publishers _bBangalore _c2006 |
||
| 300 | _b299 | ||
| 650 | _aCOMPUTER NETWORK | ||
| 999 |
_c176288 _d176288 |
||